Using technology in teaching and learning
Enregistré dans:
| Auteurs principaux: | , , , |
|---|---|
| Format: | Livre |
| Langue: | anglais |
| Publié: |
Londres
Kogan Page
1998
|
| Sujets: | |
| Tags: |
Ajouter un tag
Pas de tags, Soyez le premier à ajouter un tag!
|
MARC
| LEADER | 00000nam a2200000 a 4500 | ||
|---|---|---|---|
| 001 | UCO8807 | ||
| 003 | CL-VaPUC | ||
| 008 | 010105e19980000UK |||||||||||||||||eng|d | ||
| 082 | 0 | 4 | |a 371.334 |b MAI |2 21 |
| 100 | |a Maier, Pat |e autora |9 453720 | ||
| 700 | 0 | |a Barnett, Liz |e author |9 453721 | |
| 700 | 0 | |a Warren, Adam |e author |9 453722 | |
| 700 | 0 | |a Brunner, David |e author |9 453723 | |
| 245 | 1 | 0 | |a Using technology in teaching and learning |
| 300 | |a 132 p | ||
| 942 | |c BK | ||
| 945 | |d 20010105 00:00:00 |a cmena | ||
| 260 | |a Londres |b Kogan Page |c 1998 | ||
| 650 | 0 | |a Métodos de enseñanza |9 270413 | |
| 650 | 7 | |a ENSEÑANZA CON AYUDA DE COMPUTADORES |2 CL-VaPUC |9 262450 | |
| 650 | 0 | |a Innovaciones pedagógicas |9 307471 | |
| 583 | |a last modification |c 20170829 04:13:58 |k Rodrigo Vera | ||
| 999 | |c 293267 |d 293265 | ||
| 952 | |0 0 |1 0 |4 0 |6 371_334000000000000_MAI_1998 |7 0 |8 A |9 344715 |a FDOPOS |b FDOPOS |d 2019-11-20 |i 3680835 |o 371.334 MAI 1998 |p 3680835 |r 2025-01-22 |w 2019-11-20 |y BK |k MLA | ||